000 00970nam a2200313Ia 4500
001 Z_6881
003 CHAP
008 220113s9999 xx 000 0 und d
010 _a170155
020 _a978-1-118-57069-2 (encuadernado en tela) \ 978-1-118-57070-8 (rústica)
040 _cCHAP
082 _a808.0666 C37
100 _aCargill, Margaret
_9146240
245 _aWriting scientific research articles : strategy and steps /
_cMargaret Cargill y Patrick O'Connor
250 _a2a ed.
260 _aChichester, West Sussex, Reino Unido :
_bWiley-Blackwell,
_c
300 _axii, 223 p.
503 _aej.1: consumo \ ej.2: consumo \ ej.3: consumo
650 _aDivulgación científica
_9146241
650 _aInvestigación
_960221
650 _aRedacción de escritos técnicos
_9146242
700 _aO'Connor, Patrick, aut.
_9146243
901 _a808.0666 C37
902 _aM
910 _a
942 _c1
942 _cc1
999 _c170155
_d170155